Statistiques concernant Toutes les Creatures de Ark

Cliquez ici pour prendre le quiz!

Statistiques générales

  • Ce quiz a été pris 83 fois
  • Le résultat moyen est 37 sur 109

Statistiques - réponses

RéponseSur une carteRégimeMilieuGenre% Correct
T.RexThe IslandeCarnivoreTerrestreDinosaure
89%
RaptorThe IslandeCarnivoreTerrestreDinosaure
76%
ParasaureThe IslandeHerbivoresTerrestreDinosaure
74%
PtéranodonThe IslandeCarnivoreAérienReptile Volant
74%
MégalodonThe IslandeCarnivoreMarinPoisson
72%
ArgentavisThe IslandeCarnivoreAérienOiseau
70%
DodoThe IslandeHerbivoresTerrestreOiseau
70%
TricératopsThe IslandeHerbivoresTerrestreDinosaure
70%
AllosaureThe IslandeCarnivoreTerrestreDinosaure
67%
QuetzalThe IslandeCarnivoreAérienReptile Volant
65%
CarnotaureThe IslandeCarnivoreTerrestreDinosaure
59%
GiganotosaureThe IslandeCarnivoreTerrestreDinosaure
59%
SpinosaureThe IslandePiscivoreTerrestreDinosaure
59%
DiplodocusThe IslandeHerbivoresTerrestreDinosaure
57%
MosasaureThe IslandeCarnivoreMarinReptile Marin
57%
BrontosaureThe IslandeHerbivoresTerrestreDinosaure
54%
StégosaureThe IslandeHerbivoresTerrestreDinosaure
54%
DilophosaureThe IslandeCarnivoreTerrestreDinosaure
52%
TherizinosaureThe IslandeHerbivoresTerrestreDinosaure
52%
AnkylosaureThe IslandeHerbivoresTerrestreDinosaure
50%
SmilodonThe IslandeCarnivoreTerrestreMammifère
50%
CompyThe IslandeCarnivoreTerrestreDinosaure
48%
MicroraptorThe IslandeCarnivoreTerrestreDinosaure
48%
Loup SinistreThe IslandeCarnivoreTerrestreMammifère
46%
MegalosaureThe IslandeCarnivoreTerrestreDinosaure
46%
SarcosuchusThe IslandeCarnivoreTerrestreReptile
46%
PlésiosaureThe IslandeCarnivoreMarinReptile Marin
43%
TitanoboaThe IslandeCarnivoreTerrestreReptile
43%
ThylacoleoThe IslandeCarnivoreTerrestreMammifère
41%
IchtyosaureThe IslandeCarnivoreMarinReptile Marin
39%
KaprosuchusThe IslandeCarnivoreTerrestreReptile
39%
TitanosaureThe IslandeHerbivoresTerrestreDinosaure
39%
AchatinaThe IslandeHerbivoresTerrestreInvertébré
37%
AraneoThe IslandeCarnivoreTerrestreInsectes
37%
DoedicurusThe IslandeHerbivoresTerrestreMammifère
37%
EquusThe IslandeHerbivoresTerrestreMammifère
37%
Rhinocéros LaineuxThe IslandeHerbivoresTerrestreMammifère
37%
T.Rex TekThe IslandeCarnivoreTerrestreTek
37%
TrilobiteThe IslandeCarnivoreMarininvertébré
37%
TroodonThe IslandeCarnivoreTerrestreDinosaure
37%
CarbonemysThe IslandeHerbivoresTerrestreReptile
35%
Ours SinistreThe IslandeCarnivoreTerrestreMammifère
35%
TapejaraThe IslandeCarnivoreAérienReptile Volant
35%
YutyrannusThe IslandeCarnivoreTerrestreDinosaure
35%
IchtyornisThe IslandePiscivoreAérienOiseau
33%
MoschopsThe IslandeOmnivoreTerrestreSynapsid
33%
DaeodonThe IslandeCarnivoreTerrestreMammifère
30%
DimorphodonThe IslandeCarnivoreAérienReptile Volant
30%
LystrosaureThe IslandeHerbivoresTerrestreTherapsid
30%
MegalaniaThe IslandeCarnivoreTerrestreReptile
30%
MéganeuraThe IslandeCarnivoreAérienInsecte
30%
PhiomiaThe IslandeHerbivoresTerrestreMammifère
30%
SangsueThe IslandeCarnivoreTerrestreInvertébré
30%
AmmoniteThe IslandeCarnivoreMarinMollusque
28%
BaryonyxThe IslandePiscivoreTerrestreDinosaure
28%
BeelzebufoThe IslandeCarnivoreTerrestreAmphibien
28%
CastoroideThe IslandeHerbivoresTerrestreMammifère
28%
DunkleosteusThe IslandeCarnivoreMarinPoisson
28%
GigantopithequeThe IslandeHerbivoresTerrestreMammifère
28%
IguanodonThe IslandeHerbivoresTerrestreDinosaure
28%
LoutreThe IslandePiscivoreTerrestreMammifère
28%
MesopithequeThe IslandeHerbivoresTerrestreMammifère
28%
OviraptorThe IslandeCarnivoreTerrestreDinosaure
28%
PachycephalosaureThe IslandeHerbivoresTerrestreDinosaure
28%
Parasaure TekThe IslandeHerbivoresTerrestreTek
28%
PelagornisThe IslandePiscivoreAérienOiseau
28%
Raptor TekThe IslandeCarnivoreTerrestreTek
28%
SaumonThe IslandeCarnivoreMarinPoisson
28%
ArthropleuraThe IslandeCarnivoreTerrestreInsectes
26%
BasilosaureThe IslandeCarnivoreMarinReptile Marin
26%
GallimimusThe IslandeHerbivoresTerrestreDinosaure
26%
MegatheriumThe IslandeCarnivoreTerrestreMammifère
26%
Stégosaure TekThe IslandeHerbivoresTerrestreTek
26%
CnidariaThe IslandeCarnivoreMarininvertébré
24%
DimetrodonThe IslandeCarnivoreTerrestreReptile
24%
KairukuThe IslandePiscivoreTerrestreOiseau
24%
MantaThe IslandeCarnivoreMarinPoisson
24%
OvisThe IslandeHerbivoresTerrestreMammifère
24%
PegomastaxThe IslandeHerbivoresTerrestreDinosaure
24%
PulmonoscorpiusThe IslandeCarnivoreTerrestreInsectes
24%
Quetzal TekThe IslandeCarnivoreAérienTek
24%
CoelacantheThe IslandeCarnivoreMarinPoisson
22%
DiplocaulusThe IslandeCarnivoreTerrestreAmphibien
22%
Oiseau TerreurThe IslandeCarnivoreTerrestreOiseau
22%
CarcharodontosaureThe IslandeCarnivoreTerrestreDinosaure
20%
HesperornisThe IslandePiscivoreTerrestreOiseau
20%
KentrosaureThe IslandeHerbivoresTerrestreDinosaure
20%
LicorneThe IslandeHerbivoresTerrestreImaginaire
20%
LiopleurodonThe IslandeCarnivoreMarinReptile Marin
20%
Mammouth laineuxThe IslandeHerbivoresTerrestreMammifère
20%
PachyrinosaureThe IslandeHerbivoresTerrestreDinosaure
20%
PurloviaThe IslandeCarnivoreTerrestreMammifère
20%
TusoteuthisThe IslandeCarnivoreMarinMollusque
20%
ChalicotheriumThe IslandeHerbivoresTerrestreMammifère
17%
EurypterideThe IslandeCarnivoreMarininvertébré
17%
MegalocerosThe IslandeHerbivoresTerrestreMammifère
17%
MégapiranhaThe IslandeCarnivoreMarinPoisson
17%
ParaceratheriumThe IslandeHerbivoresTerrestreMammifère
17%
ArchéopterixThe IslandeCarnivoreAérienOiseau/Dino
15%
ElectrophorusThe IslandeCarnivoreMarinPoisson
15%
OnyxThe IslandeCarnivoreAérienMammifère
15%
BaudroieThe IslandeCarnivoreMarinPoisson
13%
BousierThe IslandeCarnivoreTerrestreInsectes
13%
LeedsichthysThe IslandeCarnivoreMarinPoisson
13%
ProcoptodonThe IslandeHerbivoresTerrestreMammifère
13%
TitanomyrmaThe IslandeCarnivoreAérienInsecte
13%
YetiThe IslandeHerbivoresTerrestreMammifère
13%
HyeanodonThe IslandeCarnivoreTerrestreMammifère
11%
Reine des abeilles GéanteThe IslandeHerbivoresAérienInsecte
9%

Distribution des résultats

Percentile par nombre de réponses

% des personnes avec chaque résultat

Votre développement - résultats

Vous n’avez pas pris ce quiz